[Event "European Rapid 2015"]
[Site "Minsk BLR"]
[Date "2015.12.19"]
[Round "6.36"]
[White "Savitski, Andrei"]
[Black "Dydyshko, Viacheslav"]
[Result "0-1"]
[BlackTitle "GM"]
[WhiteElo "2149"]
[BlackElo "2506"]
[WhiteFideId "13506161"]
[BlackFideId "13500031"]
[EventDate "2015.12.19"]

1. d4 Nf6 2. c4 g6 3. Nc3 Bg7 4. e4 d6 5. Nf3 O-O 6. Be2 e5 7. O-O Nc6 8. d5 Ne7
9. Ne1 Ne8 10. Be3 f5 11. f3 f4 12. Bf2 g5 13. c5 h5 14. Nc2 Rf7 15. Na3 Bf8 16.
Nc4 Rg7 17. b4 g4 18. Bh4 Qd7 19. Na5 Ng6 20. Be1 dxc5 21. bxc5 Bxc5+ 22. Kh1
gxf3 23. Bxf3 Nf6 24. Bxh5 Nxh5 25. Qxh5 Qf7 26. Qe2 Rh7 27. Bf2 Bb4 28. Nxb7
Bxb7 29. Rab1 a5 0-1

[Event "European Rapid 2015"]
[Site "Minsk BLR"]
[Date "2015.12.19"]
[Round "6.37"]
[White "Razin, Vadim"]
[Black "Smirnov, Valerij"]
[Result "1-0"]
[BlackTitle "IM"]
[WhiteElo "2345"]
[BlackElo "2298"]
[WhiteFideId "14119463"]
[BlackFideId "13500350"]
[EventDate "2015.12.19"]

1. d4 Nf6 2. Nf3 e6 3. c4 b6 4. a3 Bb7 5. Nc3 d5 6. cxd5 exd5 7. g3 Be7 8. Bg2
O-O 9. O-O c5 10. Bf4 Na6 11. Qa4 Qe8 12. Qc2 Rc8 13. Bh3 Rd8 14. Rad1 Ne4 15.
dxc5 Naxc5 16. Nd4 Bf6 17. Bc7 Ra8 18. Nxe4 dxe4 19. Bd6 Be7 20. Nf5 Bxd6 21.
Nxd6 Qc6 22. Nxb7 Qxb7 23. b4 Ne6 24. Bxe6 fxe6 25. Rd4 e3 26. f3 Rad8 27. Qe4
Qxe4 28. Rxe4 Kf7 29. Rxe3 Rd4 30. Rc1 Rfd8 31. Rc7+ R8d7 32. Rec3 Kf6 33. Kf2
Rxc7 34. Rxc7 a5 35. Ke3 Rd5 36. Rc6 axb4 37. axb4 Rb5 38. Rc4 g5 39. Kd3 h5 40.
e4 g4 41. f4 h4 42. e5+ Kf5 43. Rd4 1-0

[Event "European Rapid 2015"]
[Site "Minsk BLR"]
[Date "2015.12.19"]
[Round "6.38"]
[White "Pavlidis, Anastasios"]
[Black "Teterev, Vitaly"]
[Result "1-0"]
[WhiteTitle "IM"]
[BlackTitle "GM"]
[WhiteElo "2410"]
[BlackElo "2494"]
[WhiteFideId "4208404"]
[BlackFideId "13501429"]
[EventDate "2015.12.19"]

1. d4 Nf6 2. c4 g6 3. Nc3 Bg7 4. e4 O-O 5. f4 d6 6. Nf3 c5 7. dxc5 dxc5 8. Qxd8
Rxd8 9. Be3 b6 10. e5 Ne8 11. Nd5 Nc6 12. O-O-O Bg4 13. Be2 f6 14. exf6 Nxf6 15.
h3 Bd7 16. Rhe1 Rac8 17. g4 Nxd5 18. cxd5 Nd4 19. Bxd4 cxd4+ 20. Kb1 Be8 21. Ba6
Rc7 22. Nxd4 Rxd5 23. Ne6 Rxd1+ 24. Rxd1 Rd7 25. Re1 Bf7 26. Bb5 Rd5 27. Bc4 Rd2
28. Kc1 Rf2 29. b4 Bb2+ 30. Kb1 Bc3 31. Rd1 Bxe6 32. Bxe6+ Kg7 33. a3 Rxf4 34.
Rd7 Kf6 35. Bg8 a5 36. bxa5 Bxa5 37. g5+ Kxg5 38. Rxe7 h5 39. Bf7 Kf6 40. Rd7
Rf3 41. h4 Rxa3 42. Kb2 Rh3 43. Bb3 Rxh4 44. Rd6+ Kg7 45. Rd7+ Kh6 46. Rd6 Rg4
47. Bd1 Rg3 48. Rd8 Bc3+ 49. Kc2 b5 50. Be2 b4 51. Bd3 h4 52. Kb3 h3 53. Bxg6 1-0

[Event "European Rapid 2015"]
[Site "Minsk BLR"]
[Date "2015.12.19"]
[Round "6.39"]
[White "Dubrovin, Robert"]
[Black "Johannessen, Leif Erlend"]
[Result "0-1"]
[BlackTitle "GM"]
[WhiteElo "2223"]
[BlackElo "2487"]
[WhiteFideId "4501829"]
[BlackFideId "1501674"]
[EventDate "2015.12.19"]

1. c4 e5 2. Nc3 Nc6 3. g3 f5 4. Bg2 Nf6 5. d3 Bb4 6. Nf3 Bxc3+ 7. bxc3 d6 8. O-O
O-O 9. d4 e4 10. Ne1 Na5 11. c5 dxc5 12. Qa4 b6 13. dxc5 Ba6 14. Nc2 Bxe2 15.
Re1 Bd3 16. Nd4 Nd5 17. Bd2 Nc4 18. Qd1 Qd7 19. c6 Qd6 20. Bf1 Bxf1 21. Rxf1
Rae8 22. Qe2 Qc5 23. Rac1 Ne5 24. Rb1 Nxc3 25. Bxc3 Qxc3 26. Nb5 Qxc6 27. Rfc1
Qh6 28. h4 c5 29. Nxa7 f4 30. Nb5 e3 31. Rf1 Qg6 32. Nc7 Qc6 0-1

[Event "European Rapid 2015"]
[Site "Minsk BLR"]
[Date "2015.12.19"]
[Round "6.40"]
[White "Sivuk, Vitaly"]
[Black "Sysolyatin, Evgeny"]
[Result "0-1"]
[WhiteTitle "GM"]
[BlackTitle "FM"]
[WhiteElo "2552"]
[BlackElo "2289"]
[WhiteFideId "14116502"]
[BlackFideId "4154916"]
[EventDate "2015.12.19"]

1. d4 d5 2. c4 dxc4 3. Nf3 Nf6 4. e3 e6 5. Bxc4 a6 6. Qe2 c5 7. O-O cxd4 8. exd4
b5 9. Bb3 Bb7 10. Ne5 Bd5 11. Nc3 Bxb3 12. axb3 b4 13. Ne4 Qxd4 14. Nxf6+ gxf6
15. Qf3 Qxe5 16. Qxa8 Bd6 17. g3 Qb5 18. Rd1 Bc5 19. Ra5 Qb6 0-1

[Event "European Rapid 2015"]
[Site "Minsk BLR"]
[Date "2015.12.19"]
[Round "6.41"]
[White "Meribanov, Vitaly"]
[Black "Sharafiev, Azat"]
[Result "1/2-1/2"]
[WhiteTitle "IM"]
[BlackTitle "IM"]
[WhiteElo "2392"]
[BlackElo "2420"]
[WhiteFideId "13504363"]
[BlackFideId "4186214"]
[EventDate "2015.12.19"]

1. e4 c5 2. Nc3 Nc6 3. Nf3 d6 4. d4 cxd4 5. Nxd4 Nf6 6. Bg5 Bd7 7. Qd2 Nxd4 8.
Qxd4 h6 9. Bd2 e6 10. O-O-O a6 11. f4 Bc6 12. Be2 h5 13. Bf3 Qc7 14. Rhe1 Be7
15. e5 Bxf3 16. gxf3 dxe5 17. fxe5 Nd7 18. f4 Nc5 19. f5 Qc6 20. f6 gxf6 21.
exf6 Rd8 22. Qh4 Bf8 23. Be3 b5 24. Rxd8+ Kxd8 25. Rd1+ Kc8 26. Qd4 Nd7 27. Ne4
Rg8 28. Qa7 Rg2 29. c3 Re2 30. Rxd7 Qxd7 31. Qa8+ Kc7 32. Qa7+ Kc8 33. Qa8+ Kc7
34. Qa7+ Kc6 35. Qxa6+ Kd5 36. Qa8+ Qc6 37. Qd8+ Bd6 38. Nxd6 Qxd6 39. Qa8+ Ke5
40. Qf3 Rxe3 41. Qxe3+ Kxf6 42. Qf3+ Ke7 43. Qxh5 Qf4+ 44. Kc2 Qe4+ 45. Kd2 Qf4+
46. Kd1 Qf1+ 47. Kd2 Qf4+ 48. Kc2 Qe4+ 49. Kd2 1/2-1/2

[Event "European Rapid 2015"]
[Site "Minsk BLR"]
[Date "2015.12.19"]
[Round "6.42"]
[White "Saveliev, Alexei"]
[Black "Ladva, Ottomar"]
[Result "1-0"]
[BlackTitle "IM"]
[WhiteElo "2328"]
[BlackElo "2401"]
[WhiteFideId "24128546"]
[BlackFideId "4500024"]
[EventDate "2015.12.19"]

1. e4 g6 2. d4 Bg7 3. h4 d5 4. exd5 Qxd5 5. Be3 Nf6 6. Nc3 Qa5 7. Qd2 Nc6 8. Bc4
O-O 9. Nge2 Rd8 10. O-O-O Ne5 11. Bb3 Be6 12. Kb1 Nc4 13. Qd3 b5 14. Nf4 Bf5 15.
Qe2 Rab8 16. Bc1 c5 17. dxc5 Ng4 18. Ncd5 e6 19. Ne7+ Kh8 20. Rxd8+ Qxd8 21. Nc6
Qc7 22. Nxb8 Qxb8 23. Rd1 Nge5 24. f3 h5 25. Nd3 Nxd3 26. cxd3 Ne5 27. Ka1 a5
28. d4 Nc6 29. g4 hxg4 30. fxg4 a4 31. gxf5 axb3 32. fxg6 Qa8 33. a3 fxg6 34.
Qxe6 Nxd4 35. Rxd4 Bxd4 36. Qxb3 Qc6 37. Qc2 Kg7 38. Bd2 Qh1+ 39. Ka2 Qd5+ 40.
Qb3 Qxc5 41. Bc3 Kh6 42. Bxd4 Qxd4 43. Qxb5 Qxh4 44. a4 Qe4 45. a5 g5 46. a6 g4
47. a7 g3 48. Qa6+ 1-0

[Event "European Rapid 2015"]
[Site "Minsk BLR"]
[Date "2015.12.19"]
[Round "6.43"]
[White "Zakhartsov, Vladimir"]
[Black "Kochetkov, German"]
[Result "1-0"]
[WhiteTitle "IM"]
[BlackTitle "IM"]
[WhiteElo "2462"]
[BlackElo "2338"]
[WhiteFideId "4145097"]
[BlackFideId "13500635"]
[EventDate "2015.12.19"]

1. e4 e5 2. Nf3 d6 3. d4 exd4 4. Nxd4 Nf6 5. Nc3 Be7 6. Bf4 O-O 7. Qd2 d5 8.
Ndb5 Bb4 9. a3 Nxe4 10. Qd3 Bxc3+ 11. bxc3 Na6 12. Be2 c6 13. Nd4 Nac5 14. Qf3
Qa5 15. O-O Qxc3 16. Be3 Nd2 17. Bxd2 Qxd2 18. Rfd1 Qg5 19. Rab1 Ne4 20. Rb2 Qf6
21. c4 Qe5 22. Rb3 c5 23. Nc2 d4 24. Bd3 f5 25. Re1 b6 26. Qd1 Qf6 27. f3 Nc3
28. Qd2 Bb7 29. Rb2 Rae8 30. Bf1 Bc6 31. Rxe8 Rxe8 32. Ne1 Qe6 33. Nd3 Qxc4 34.
Ne5 Qe6 35. f4 Bd5 36. Rc2 Kh8 37. Rc1 g5 38. Re1 Ne4 39. Qd1 gxf4 40. Nd3 Qh6
41. Qf3 Bc6 42. Nxf4 Rg8 43. Be2 Rg4 44. Rf1 Nd2 45. Qf2 Nxf1 46. Bxg4 Ne3 47.
Be2 Qg5 48. h4 Qe7 49. Qg3 Qg7 50. Qf2 Be4 51. g3 Qe5 52. Qh2 Nd5 53. Bc4 Nxf4
54. gxf4 Qg7+ 55. Kf1 d3 56. Qd2 Qd4 57. Be6 Qa1+ 58. Kf2 Qd4+ 59. Kf1 c4 60.
Qb4 Qa1+ 61. Kf2 Qf6 62. Bxc4 Qxh4+ 63. Ke3 Qg3+ 64. Kd4 Qf2+ 65. Kc3 Qe1+ 1-0

[Event "European Rapid 2015"]
[Site "Minsk BLR"]
[Date "2015.12.19"]
[Round "6.44"]
[White "Payanidi, Janis"]
[Black "Sychev, Klementy"]
[Result "0-1"]
[BlackTitle "IM"]
[WhiteElo "2164"]
[BlackElo "2415"]
[WhiteFideId "24128490"]
[BlackFideId "4114060"]
[EventDate "2015.12.19"]

1. e4 c5 2. Nf3 e6 3. d4 cxd4 4. Nxd4 Nc6 5. Nc3 Qc7 6. Be3 a6 7. Be2 b5 8. a3
Bb7 9. O-O Nf6 10. f4 Nxd4 11. Qxd4 Rc8 12. Bf3 Bc5 13. Qxc5 Qxc5 14. Bxc5 Rxc5
15. e5 Bxf3 16. Rxf3 Nd5 17. Nxd5 Rxd5 18. Rd3 Rxd3 19. cxd3 d6 20. Rc1 Kd7 21.
d4 Rb8 22. b3 Rb6 23. Kf2 Rc6 24. Rxc6 Kxc6 25. Ke3 Kd5 26. g3 dxe5 27. dxe5 a5
28. Kd3 g5 29. Ke3 g4 30. Kd3 a4 31. bxa4 bxa4 32. Kc3 Kc5 33. Kd3 h6 34. Kc3 h5
35. Kd3 Kd5 36. Kc3 Ke4 37. Kb4 Kf3 38. Kxa4 Kg2 39. Kb5 Kxh2 40. a4 h4 41. a5
hxg3 42. a6 g2 43. a7 g1=Q 44. a8=Q Qf1+ 45. Kc5 Qxf4 46. Qh8+ Kg1 47. Kd6 g3
48. Qh5 g2 49. Qd1+ Kf2 50. Qc2+ Kg3 51. Qd1 Qe3 0-1

[Event "European Rapid 2015"]
[Site "Minsk BLR"]
[Date "2015.12.19"]
[Round "6.45"]
[White "Girya, Olga"]
[Black "Pavlidou, Ekaterini"]
[Result "1-0"]
[WhiteTitle "WGM"]
[BlackTitle "WIM"]
[WhiteElo "2456"]
[BlackElo "2223"]
[WhiteFideId "4195752"]
[BlackFideId "4213262"]
[EventDate "2015.12.19"]

1. d4 f5 2. Nf3 Nf6 3. c4 g6 4. Nc3 Bg7 5. Bf4 d6 6. h3 e6 7. e3 O-O 8. Be2 Qe7
9. O-O a6 10. Rc1 Nbd7 11. Bh2 Rd8 12. c5 b6 13. cxd6 cxd6 14. Qb3 Bb7 15. Bc4
Nf8 16. Qxb6 Bxf3 17. gxf3 Nh5 18. Rfe1 Kh8 19. Bf1 f4 20. Bxf4 Nxf4 21. exf4
Rab8 22. Qxa6 Bxd4 23. Nb5 Bxb2 24. Rc7 Qh4 25. Re2 Bf6 26. Nxd6 Qxf4 27. Nf7+
Kg8 28. Nxd8 Rxd8 29. Rc8 Rd6 30. Qa8 Be7 31. Qe4 Qg5+ 32. Qg4 Qf6 33. Re4 Rd5
34. Qxe6+ Qxe6 35. Rxe6 Kf7 36. Re4 Rd1 37. Kg2 Nd7 38. Bc4+ Kf6 39. Re6+ 1-0

[Event "European Rapid 2015"]
[Site "Minsk BLR"]
[Date "2015.12.19"]
[Round "6.46"]
[White "Sarana, Alexey"]
[Black "Makovskis, Georgijs"]
[Result "1-0"]
[WhiteElo "2432"]
[BlackElo "2236"]
[WhiteFideId "24133795"]
[BlackFideId "11601132"]
[EventDate "2015.12.19"]

1. d4 Nf6 2. Nf3 g6 3. c4 Bg7 4. Nc3 d5 5. e3 O-O 6. Qb3 c6 7. Be2 e6 8. O-O
Nbd7 9. Bd2 b6 10. Rfd1 Bb7 11. Rac1 c5 12. cxd5 Nxd5 13. Nb5 cxd4 14. exd4 Qe7
15. Bg5 Bf6 16. Bxf6 N7xf6 17. Ne5 a6 18. Nc3 Rfc8 19. Na4 b5 20. Nc5 Nf4 21.
Bf1 Kg7 22. a4 Bd5 23. Qe3 g5 24. g3 Rg8 25. h4 N6h5 26. hxg5 Qxg5 27. Ncd3 Kf8
28. Rc7 Qh4 29. Bg2 Bxg2 30. gxh4 Bf3+ 31. Kf1 Be2+ 32. Qxe2 Nxe2 33. Kxe2 1-0

[Event "European Rapid 2015"]
[Site "Minsk BLR"]
[Date "2015.12.19"]
[Round "6.47"]
[White "Fargere, Francois"]
[Black "Harshkou, Mikita"]
[Result "1/2-1/2"]
[WhiteTitle "GM"]
[WhiteElo "2424"]
[BlackElo "2300"]
[WhiteFideId "615935"]
[BlackFideId "13504770"]
[EventDate "2015.12.19"]

1. Nf3 e6 2. g3 f5 3. Bg2 Nf6 4. O-O d6 5. d4 Be7 6. Nc3 O-O 7. Re1 Nc6 8. e4 e5
9. dxe5 dxe5 10. Bg5 Nxe4 11. Nxe4 fxe4 12. Bxe7 Qxe7 13. Qd5+ Kh8 14. Qxe4 Bf5
15. Qc4 Qf6 16. c3 Rad8 17. Rad1 Be6 18. Qe4 Rxd1 19. Rxd1 Bxa2 20. Rd7 Rf7 21.
Rd2 Be6 22. h4 h6 23. b4 Bf5 24. Qc4 a6 25. b5 axb5 26. Qxb5 e4 27. Nd4 Nxd4 28.
Rxd4 c6 29. Qe2 c5 30. Rd5 b6 31. c4 Be6 32. Rd6 Qe5 33. Rd8+ Kh7 34. Qxe4+ Qxe4
35. Bxe4+ Bf5 36. Bxf5+ Rxf5 37. Rd6 Rf3 38. Rxb6 Rc3 39. h5 Rxc4 40. Rb8 Rg4
41. Rc8 Rg5 42. Rc6 Rxh5 43. Kg2 Rf5 44. g4 Rf4 45. Rxc5 Rxg4+ 46. Kh3 Rb4 47.
Kg3 Re4 48. Rd5 Re6 49. Rc5 Kg6 50. Rb5 Kf6 51. Ra5 g6 52. Rb5 Ra6 53. Rc5 Rb6
54. Ra5 Rc6 55. Rb5 Ra6 56. Rc5 h5 57. Rb5 Rc6 58. Ra5 Rc3+ 59. Kg2 Rc4 60. Rb5
Re4 61. Ra5 Re5 62. Ra4 Kf5 63. Rb4 Ra5 64. Rc4 Rb5 65. Ra4 Rc5 66. Rb4 g5 67.
Ra4 Rb5 68. Rc4 Ra5 69. Rb4 Rc5 70. Ra4 Rb5 71. Rc4 h4 72. Ra4 Rc5 73. Rb4 Rd5
74. Ra4 Re5 75. Rb4 Re4 76. Rb3 Rc4 77. Ra3 Rb4 78. Rc3 Ra4 79. Rb3 Rc4 80. Ra3
g4 81. Ra8 h3+ 82. Kg3 Rc3+ 83. Kh2 Ke4 84. Rg8 Kf4 85. Rf8+ Ke5 86. Rg8 Kf5 87.
Rf8+ Kg5 88. Rg8+ Kf5 89. Rf8+ Ke5 90. Rg8 Kf4 91. Rf8+ Ke4 92. Rg8 Kf3 93. Rf8+
Ke2 94. Rf4 Rf3 95. Ra4 1/2-1/2

[Event "European Rapid 2015"]
[Site "Minsk BLR"]
[Date "2015.12.19"]
[Round "6.48"]
[White "Chernyak, Viktoria"]
[Black "Lanin, Alexsej"]
[Result "0-1"]
[WhiteTitle "WFM"]
[BlackTitle "IM"]
[WhiteElo "2135"]
[BlackElo "2394"]
[WhiteFideId "24165956"]
[BlackFideId "4154959"]
[EventDate "2015.12.19"]

1. Nf3 d5 2. g3 c6 3. Bg2 Bg4 4. d3 Nf6 5. Nbd2 Nbd7 6. O-O e6 7. e4 Be7 8. h3
Bxf3 9. Qxf3 Qc7 10. Re1 O-O 11. Qe2 dxe4 12. dxe4 e5 13. Nc4 Bc5 14. c3 a5 15.
Ne3 a4 16. Nf5 g6 17. Nh6+ Kg7 18. Ng4 Nxg4 19. hxg4 b5 20. Bf3 Rh8 21. Kg2 h6
22. Bd2 Be7 23. Be3 Nf8 24. Rac1 Ne6 25. Red1 Bg5 26. Rc2 Rad8 27. Rcd2 Rxd2 28.
Rxd2 Rd8 29. Bxg5 Nxg5 30. Qd1 Rxd2 31. Qxd2 Qe7 32. Qe3 a3 33. b3 c5 34. Qd3 b4
35. Bd1 Ne6 36. cxb4 cxb4 37. Qd5 Nd4 38. f4 Qc7 39. g5 hxg5 40. fxe5 Qc3 41.
Bg4 Qb2+ 42. Kh3 Qa1 43. Kg2 Qxa2+ 44. Kh3 Qa1 45. Kg2 Qb2+ 46. Kh3 Qc1 47. Bd7
Qh1+ 48. Kg4 Qh5# 0-1

[Event "European Rapid 2015"]
[Site "Minsk BLR"]
[Date "2015.12.19"]
[Round "6.49"]
[White "Pustovoitova, Daria"]
[Black "Badelka, Olga"]
[Result "1-0"]
[WhiteTitle "FM"]
[WhiteElo "2356"]
[BlackElo "2067"]
[WhiteFideId "4182146"]
[BlackFideId "13509926"]
[EventDate "2015.12.19"]

1. d4 Nf6 2. c4 c5 3. d5 b5 4. Qc2 bxc4 5. e4 e6 6. Bxc4 exd5 7. exd5 d6 8. Nc3
Be7 9. Nf3 O-O 10. O-O Nbd7 11. a4 Bb7 12. a5 Rb8 13. h3 Re8 14. Bf4 Qc8 15. Qd3
Bf8 16. Nb5 Ne5 17. Nxe5 dxe5 18. Nxa7 Qd8 19. Bg5 h6 20. Bxf6 Qxf6 21. a6 Ba8
22. Nb5 e4 23. Qc3 Qf4 24. Qg3 Qf6 25. b3 Re5 26. Rfd1 Bd6 27. Nxd6 Qxd6 28. a7
Rb6 29. Ra5 f6 30. Qe3 Qd8 31. Qxc5 Rd6 32. Rb5 Kh7 33. Rb8 1-0

[Event "European Rapid 2015"]
[Site "Minsk BLR"]
[Date "2015.12.19"]
[Round "7.5"]
[White "Bocharov, Dmitry"]
[Black "Smirin, Ilia"]
[Result "1/2-1/2"]
[WhiteTitle "GM"]
[BlackTitle "GM"]
[WhiteElo "2558"]
[BlackElo "2658"]
[WhiteFideId "4138716"]
[BlackFideId "2801990"]
[EventDate "2015.12.19"]

1. g3 Nf6 2. Bg2 g6 3. e4 d6 4. d4 Bg7 5. Ne2 O-O 6. h3 e5 7. O-O Nc6 8. d5 Ne7
9. c4 Nd7 10. Nbc3 f5 11. Be3 Nf6 12. Qd2 fxe4 13. g4 h5 14. g5 Nh7 15. Nxe4 Nf5
16. f4 Re8 17. fxe5 Nxe3 18. Qxe3 Bxe5 19. h4 Bxb2 20. Rab1 Be5 21. Qd3 Qe7 22.
Rbe1 Qg7 23. Nf4 Bxf4 24. Rxf4 Bf5 25. Bh3 Bxh3 26. Qxh3 Kh8 27. Qf3 Qd4+ 28.
Kg2 Qxc4 29. Rf7 Re5 30. Rxh7+ Kxh7 31. Qf7+ Kh8 32. Qf6+ Kh7 33. Qf7+ Kh8 34.
Qf6+ Kh7 35. Qf7+ 1/2-1/2

[Event "European Rapid 2015"]
[Site "Minsk BLR"]
[Date "2015.12.19"]
[Round "7.6"]
[White "Chigaev, Maksim"]
[Black "Ragger, Markus"]
[Result "1/2-1/2"]
[WhiteTitle "IM"]
[BlackTitle "GM"]
[WhiteElo "2526"]
[BlackElo "2687"]
[WhiteFideId "4108116"]
[BlackFideId "1610856"]
[EventDate "2015.12.19"]

1. f4 d5 2. Nf3 c6 3. g3 Nf6 4. Bg2 Qb6 5. e3 Bg4 6. h3 Bxf3 7. Bxf3 Nbd7 8. d4
Ne4 9. g4 O-O-O 10. c3 h5 11. Nd2 e5 12. Nxe4 dxe4 13. Bxe4 exf4 14. O-O hxg4
15. Qxg4 g6 16. Bg2 Bd6 17. exf4 Kb8 18. b4 Nf6 19. Qf3 Nd5 20. Bd2 Rh4 21. Qg3
Rdh8 22. Rab1 Qc7 23. b5 Bxf4 24. Bxf4 Nxf4 25. Rxf4 Rxf4 26. Qe3 Rf6 27. bxc6
Re6 28. Qf2 Rxc6 29. Bxc6 Qxc6 30. Qxf7 Qe4 31. Rf1 Qe3+ 32. Rf2 Qxc3 33. Qf4+
Qc7 34. Qxc7+ Kxc7 35. Rf7+ Kc6 36. d5+ Kb6 37. Kg2 Rd8 38. Rf6+ Kc5 39. Rxg6
Rxd5 40. Rg7 Rd2+ 1/2-1/2

[Event "European Rapid 2015"]
[Site "Minsk BLR"]
[Date "2015.12.19"]
[Round "7.7"]
[White "Harutjunyan, Gevorg"]
[Black "Kovalev, Vladislav"]
[Result "1/2-1/2"]
[WhiteTitle "GM"]
[BlackTitle "GM"]
[WhiteElo "2436"]
[BlackElo "2546"]
[WhiteFideId "13300873"]
[BlackFideId "13504398"]
[EventDate "2015.12.19"]

1. e4 e5 2. Nf3 Nc6 3. d4 exd4 4. Nxd4 Nf6 5. Nc3 Bb4 6. Nxc6 bxc6 7. Bd3 d5 8.
exd5 O-O 9. O-O cxd5 10. Bg5 c6 11. Na4 h6 12. Bh4 Be6 13. c3 Bd6 14. Bc2 Be7
15. Re1 Re8 16. Qd3 Ne4 17. Bxe7 Qxe7 18. f3 Nf6 19. Qd4 Qd6 20. Re3 Re7 21.
Rae1 Rae8 22. Nc5 Bc8 23. b4 Kf8 24. a4 Rxe3 25. Rxe3 Rxe3 26. Qxe3 Qe7 27. Kf2
Qxe3+ 28. Kxe3 Ke7 29. Kd4 Kd6 30. Bd3 Ne8 31. c4 Nc7 32. a5 dxc4 33. Bxc4 Be6
34. Bxe6 Nxe6+ 35. Nxe6 Kxe6 36. Kc5 Kd7 37. f4 f5 38. h4 h5 39. Kd4 Kd6 40. Kc4
Kd7 41. Kc5 Kc7 42. b5 cxb5 43. Kxb5 g6 44. g3 Kb7 45. a6+ Kc7 46. Kc5 Kd7 47.
Kd5 Ke7 48. Ke5 Kf7 49. Kd6 Kf6 50. Kd5 Ke7 51. Ke5 Kf7 52. Kd6 Kf6 1/2-1/2

[Event "European Rapid 2015"]
[Site "Minsk BLR"]
[Date "2015.12.19"]
[Round "7.12"]
[White "Teterev, Vitaly"]
[Black "Milov, Vadim"]
[Result "1-0"]
[WhiteTitle "GM"]
[BlackTitle "GM"]
[WhiteElo "2494"]
[BlackElo "2615"]
[WhiteFideId "13501429"]
[BlackFideId "1304364"]
[EventDate "2015.12.19"]

1. Nf3 Nf6 2. g3 g6 3. Bg2 Bg7 4. c4 O-O 5. O-O d6 6. d4 Nc6 7. Nc3 Rb8 8. Bf4
Bd7 9. Rc1 Qc8 10. Re1 Bh3 11. Bh1 e5 12. dxe5 Nh5 13. Be3 dxe5 14. Nd5 Re8 15.
Ng5 Bg4 16. h3 Bd7 17. g4 Nf6 18. Nxf6+ Bxf6 19. Ne4 Bg7 20. Bg5 Re6 21. Rc3 h6
22. Bh4 f5 23. gxf5 gxf5 24. Nc5 Rg6+ 25. Rg3 Be8 26. Bd5+ Kh8 27. Kh2 Rxg3 28.
Be6 Rg6 29. Bxc8 Rxc8 30. Rg1 Rd6 31. Qb3 b6 32. Na6 Nd4 33. Qg3 Rg6 34. Qe3 Kh7
35. Nb4 c6 36. Nd3 Rxg1 37. Kxg1 f4 38. Qd2 Bg6 39. f3 Nf5 40. Bf2 Rd8 41. Qb4
Rd7 42. Qa4 Rc7 43. b4 Ne3 44. c5 b5 45. Qa5 Nd5 46. Bh4 Bf5 47. Nf2 Rd7 48. Kh2
Be6 49. Ne4 Ne3 50. Nd6 Nc4 51. Qa6 Rc7 52. Bd8 Rd7 53. Ba5 Bf8 54. Qxc6 Bxd6
55. cxd6 Rxd6 56. Qe4+ Kg7 57. Bc7 Rd5 58. h4 h5 59. a4 a6 60. axb5 axb5 61. Bb8
Kh6 62. Ba7 Kg7 63. Bc5 Nd2 64. Qc2 Nf1+ 65. Kg1 Ng3 66. Bf2 Nf5 67. Qc7+ Bf7
68. Kg2 Kf6 69. Qc6+ Kg7 70. Qc8 Ne7 71. Qb8 Nc6 72. Qc8 Nxb4 73. Bc5 Na2 74.
Qf8+ Kg6 75. Qe7 Nc3 76. Bd6 Rd2 77. Bxe5 Rxe2+ 78. Kf1 Rxe5 79. Qxe5 Nd5 80.
Qg5+ Kh7 81. Qf5+ Kg7 82. Qe5+ Kh7 83. Ke2 b4 84. Qf5+ Kg7 85. Qe5+ Kh7 86. Qb8
Kg6 87. Kd3 Be6 88. Kd4 Bf7 89. Ke5 Kg7 90. Qb7 Kg8 91. Kf5 Kg7 92. Kg5 Kf8 93.
Kh6 Ke8 94. Qc6+ Ke7 95. Qb7+ Kf6 96. Qd7 b3 97. Qd8+ Kf5 98. Kg7 Be6 99. Qg5# 1-0

[Event "European Rapid 2015"]
[Site "Minsk BLR"]
[Date "2015.12.19"]
[Round "7.13"]
[White "Johannessen, Leif Erlend"]
[Black "Alekseev, Evgeny"]
[Result "0-1"]
[WhiteTitle "GM"]
[BlackTitle "GM"]
[WhiteElo "2487"]
[BlackElo "2642"]
[WhiteFideId "1501674"]
[BlackFideId "4138147"]
[EventDate "2015.12.19"]

1. d4 Nf6 2. Nf3 e6 3. c4 d5 4. Nc3 Bb4 5. Bg5 Nbd7 6. cxd5 exd5 7. Qa4 c5 8.
dxc5 Bxc3+ 9. bxc3 O-O 10. Qb4 h6 11. Bh4 g5 12. Bg3 Ne4 13. Bd6 Re8 14. e3 b6
15. cxb6 Nxb6 16. Bc5 g4 17. Bxb6 axb6 18. Nd4 Qh4 19. g3 Qf6 20. Qb2 Ng5 21.
Bb5 Re7 22. O-O Bf5 23. Be2 h5 24. f3 Rxe3 25. fxg4 Nh3+ 26. Kg2 Be4+ 27. Kxh3
hxg4+ 28. Kxg4 Qg6+ 29. Kh4 f6 30. Bh5 Qg5+ 0-1

[Event "European Rapid 2015"]
[Site "Minsk BLR"]
[Date "2015.12.19"]
[Round "7.14"]
[White "Stupak, Kirill"]
[Black "Sivuk, Vitaly"]
[Result "1/2-1/2"]
[WhiteTitle "GM"]
[BlackTitle "GM"]
[WhiteElo "2542"]
[BlackElo "2552"]
[WhiteFideId "13503758"]
[BlackFideId "14116502"]
[EventDate "2015.12.19"]

1. d4 d5 2. Nf3 Nf6 3. c4 e6 4. g3 Bb4+ 5. Nbd2 O-O 6. Bg2 dxc4 7. Qc2 a5 8.
Qxc4 b6 9. a3 Ba6 10. Qc2 Be7 11. Nc4 c5 12. dxc5 Bxc5 13. O-O Nbd7 14. b3 Rc8
15. a4 h6 16. Bb2 Qe7 17. Rac1 Bxc4 18. bxc4 Rc7 19. Qb3 Ne4 20. e3 Bb4 21. Rfd1
Nec5 22. Qc2 Rfc8 23. Nd4 Nf8 24. Nb5 Rd7 25. Rxd7 Qxd7 26. Rd1 Qe7 27. Be5 Na6
28. Qe4 Rd8 29. Rxd8 Qxd8 30. Qd4 Qxd4 31. exd4 Ng6 32. Bc7 Nxc7 33. Nxc7 Ne7
34. Na8 Nf5 35. d5 1/2-1/2